000 01104cad a22002295a 4500
001 L146712
008 090218s2009 xxkad f s 000 0 eng d
035 _a(Sirsi) u146712
041 0 _aeng
050 0 4 _a333.32 $2 18
110 2 _aLambert Smith Hampton
_92865
245 0 0 _aNational industrial and distribution report
_b2009
_h[electronic resource]
260 _a[S.l.]
_bLambert Smith Hampton
_c2009
490 0 _aLambert Smith Hampton National Industrial and Distribution Report
_v2009
520 _aReports that the industrial and distribution markets performed somewhat better than the office or retail markets during 2008, but predicts that the market will probably come under pressure in 2009. Forecasts take-up to fall by 20% in 2009, but suggests that rents will avoid 1990s lows.
590 _aKA NTK
650 2 4 _aLAMBERT SMITH HAMPTON NATIONAL INDUSTRIAL AND DISTRIBUTION REPORT
651 4 _aUnited Kingdom
_y
690 _aPROPERTY-COMMERCIAL PROPERTY-COMMERCIAL PROPERTY MARKET
856 4 0 _uhttps://www.lsh.co.uk/
_zView the item free of charge at www.lsh.co.uk...
942 _n0
999 _c109261
_d109261